书目信息 |
| 题名: |
中国农民战争史研究
|
|
| 作者: | 中国农民战争史研究会 编 | |
| 分册: | 第三辑 | |
| 出版信息: | 上海 上海人民出版社 1983.5 |
|
| 页数: | 196页 | |
| 开本: | 26cm | |
| 丛书名: | ||
| 单 册: | ||
| 中图分类: | K201 | |
| 科图分类: | ||
| 主题词: | 中国--通史 | |
| 电子资源: | ||
| ISBN: | ||
| 000 | 00637nam0 2200205 45 | |
| 001 | 0312221749 | |
| 005 | 20040429151758.1 | |
| 010 | @dCNY1.00 | |
| 100 | @a20031222d1983 km y0chiy0120 ea | |
| 101 | @achi | |
| 105 | @a z 000yy | |
| 200 | 1 | @a中国农民战争史研究@AZhong Guo Nong Min Zhan Zheng Shi Yan Jiu@e集刊@h第三辑@f中国农民战争史研究会编@FZhong Guo Nong Min Zhan Zheng Shi Yan Jiu Hui Bian@EJi Kan |
| 210 | @a上海@c上海人民出版社@d1983.5 | |
| 215 | @a196页@d26cm | |
| 517 | @a集刊@AJi Kan | |
| 606 | 0 | @a中国@x通史 |
| 690 | @aK201@v3 | |
| 701 | 0 | @a中国农民战争史研究会@4编 |
| 801 | @aCN@bTSTCL@c20031222 | |
| 905 | @dK201@e1:3 | |
| 中国农民战争史研究:集刊.第三辑/中国农民战争史研究会编.-上海:上海人民出版社,1983.5 |
| 196页;26cm |
| ISBN :CNY1.00 |
| ● |
| 相关链接 |
|
|
|
|
正题名:中国农民战争史研究
索取号:K201/1:3
 
预约/预借
| 序号 | 登录号 | 条形码 | 馆藏地/架位号 | 状态 | 备注 |
| 1 | 0213520 | 001694660 | 第二借阅区/ [索取号:K201/1:3] | 在馆 | |
| 2 | 0213521 | 001694642 | 第二样本阅览室/ [索取号:K201/1:3] | 在馆 |